| 000 | 01008cam a22003137a 4500 | ||
|---|---|---|---|
| 003 | CHAP | ||
| 005 | 20220817041332.0 | ||
| 008 | 971013s1987 es a r 00010 spa d | ||
| 010 | _a11525 | ||
| 011 | _a12497 | ||
| 035 | _a15683 | ||
| 040 | _cCHAP | ||
| 090 | _aFolleto 11206 | ||
| 100 | 0 | 0 |
_aNoval Alonso, Cristina. _982008 |
| 245 | 1 | 0 | _aBacteriosis de plantas hortÃcolas |
| 260 |
_aMadrid : _bMinisterio de Agricultura, Pesca y Alimentación, _c1987 |
||
| 300 |
_a28 p. _b: ilus. |
||
| 490 | 0 |
_aHojas divulgadoras _v; 4/87 |
|
| 590 |
_aBATCH-UPD _b10 _c20130110 _lUCH01 _h0055 |
||
| 590 |
_aBATCH-UPD _b10 _c20130110 _lUCH01 _h0930 |
||
| 590 |
_aCONVERSION _b10 _c20130109 _lUCH01 _h1308 |
||
| 650 | 1 | 4 |
_aPlantas _xEnfermedades por bacterias. _988829 |
| 700 | 0 |
_aCastro Robledo, Serafina. _920417 |
|
| 830 | 0 |
_aHojas divulgadoras _v; 4/87 |
|
| 901 | _aBK | ||
| 942 | _cFOLL | ||
| 949 |
_aFolleto 11206 _bBC _cFOLL _d-27891 _eTS1 _i15683 _si |
||
| 949 |
_aFolleto 11206 _bBC _cFOLL _d-88251 _eTS2 _fc.2 _i15683 _si |
||
| 999 |
_c11525 _d11525 |
||